[Event "EU-chT Seniors"]
[Site "Rogaska Slatina"]
[Date "2012.03.30"]
[Round "4.6"]
[White "Saunina, Ludmila"]
[Black "James, Geoffrey H"]
[Result "1-0"]
[WhiteElo "2300"]
[BlackElo "2215"]
[PlyCount "87"]
[EventDate "2012.03.27"]
[EventType "team-swiss"]
[EventRounds "9"]
[EventCountry "SLO"]
[SourceTitle "CBM 147 Extra"]
[Source "ChessBase"]
[SourceDate "2012.04.24"]
[SourceVersion "1"]
[SourceVersionDate "2012.04.24"]
[SourceQuality "1"]
[WhiteTeam "Russia (Seniors) II"]
[BlackTeam "England (Seniors)"]
[WhiteTeamCountry "RUS"]
[BlackTeamCountry "ENG"]

1. d4 Nf6 2. c4 e6 3. a3 b6 4. Nf3 Bb7 5. Nc3 Be7 6. d5 d6 7. e4 e5 8. g3 0-0 9. Bg2 Nbd7 10. 0-0 Ne8 11. b4 a5 12. Be3 Bf6 13. Qc2 g6 14. Na4 Bg7 15. Rab1 axb4 16. axb4 Ndf6 17. Nc3 Ng4 18. Bd2 Bh6 19. Bxh6 Nxh6 20. Qd2 Kg7 21. Rfc1 Ng8 22. c5 h6 23. Ne1 f5 24. Nd3 Ngf6 25. f3 fxe4 26. fxe4 Nh7 27. Ra1 Ng5 28. Qe2 Rxa1 29. Rxa1 Qf6 30. cxb6 cxb6 31. Ra7 Rf7 32. h4 Nh7 33. Bh3 Qd8 34. Be6 Re7 35. Nb5 Nf8 36. Bh3 Rf7 37. Qe3 Nf6 38. Nb2 Nh5 39. Nc4 Bxd5 40. exd5 Rxa7 41. Nxa7 Qa8 42. Nc6 Qa1+ 43. Bf1 Nf6 44. Nxd6 1-0